Landen die het dichtst bij de Cookeilanden liggen - Statistieken

Algemene statistieken
  • Deze quiz is 16 keer genomen
  • De gemiddelde score is 15 van 20
Antwoordstatistieken
km land % Correct
4568 Australië
100%
2958 Nieuw-Zeeland
100%
1574 Fiji
92%
4218 Papoea- Nieuw-Guinea
92%
2650 Salomonseilanden
92%
5815 Indonesië
83%
3077 Marshalleilanden
83%
1016 Tonga
83%
1604 Tuvalu
83%
1183 Kiribati
75%
696 Samoa
75%
2734 Vanuatu
75%
3105 Verenigde Staten
75%
3219 Nauru
67%
6894 Palau
67%
4903 Chili
58%
3887 Micronesia
58%
6964 Japan
50%
6298 Mexico
50%
704 Niue
25%
Geen overeenkomende quizzen gevonden
Scoreverdeling
Procent van Mensen met Elke Score
Percentiel versus Aantal Correcte Antwoorden
Uw Scoregeschiedenis
U heeft deze quiz nog niet genomen